Madre María Bernarda Bütler - ein zeitloses missionarisches Profil?
| Main Author: | |
|---|---|
| Format: | Print Article |
| Language: | German |
| Check availability: | HBZ Gateway |
| Interlibrary Loan: | Interlibrary Loan for the Fachinformationsdienste (Specialized Information Services in Germany) |
| Published: |
2009
|
| In: |
Migration - challenge to religious identity ; 2
Year: 2009, Pages: 270-275 |
| Standardized Subjects / Keyword chains: | B
Bütler, Maria Bernarda, Female saint 1848-1924
/ Missions theology
|
| RelBib Classification: | KAH Church history 1648-1913; modern history KDB Roman Catholic Church RJ Mission; missiology |
MARC
| LEADER | 00000caa a22000002c 4500 | ||
|---|---|---|---|
| 001 | 1537281577 | ||
| 003 | DE-627 | ||
| 005 | 20220614104023.0 | ||
| 007 | tu | ||
| 008 | 160405s2009 xx ||||| 00| ||ger c | ||
| 020 | |a 9783037270271 | ||
| 035 | |a (DE-627)1537281577 | ||
| 035 | |a (DE-576)467281572 | ||
| 035 | |a (DE-599)BSZ467281572 | ||
| 040 | |a DE-627 |b ger |c DE-627 |e rakwb | ||
| 041 | |a ger | ||
| 084 | |a 1 |a 0 |2 ssgn | ||
| 100 | 1 | |0 (DE-588)113165900 |0 (DE-627)49797293X |0 (DE-576)289754119 |4 aut |a Heiniger, Ernstpeter |d 1943- | |
| 109 | |a Heiniger, Ernstpeter 1943- | ||
| 245 | 1 | 0 | |a Madre María Bernarda Bütler - ein zeitloses missionarisches Profil? |
| 264 | 1 | |c 2009 | |
| 336 | |a Text |b txt |2 rdacontent | ||
| 337 | |a ohne Hilfsmittel zu benutzen |b n |2 rdamedia | ||
| 338 | |a Band |b nc |2 rdacarrier | ||
| 601 | |a Zeitlosigkeit | ||
| 601 | |a Missionar | ||
| 652 | |a KAH:KDB:RJ | ||
| 689 | 0 | 0 | |d p |0 (DE-588)119316307 |0 (DE-627)695968009 |0 (DE-576)212078127 |2 gnd |a Bütler, Maria Bernarda |c Heilige |d 1848-1924 |
| 689 | 0 | 1 | |d s |0 (DE-588)4074863-7 |0 (DE-627)106088165 |0 (DE-576)209195509 |2 gnd |a Missionstheologie |
| 689 | 0 | |5 (DE-627) | |
| 773 | 0 | 8 | |i In |t Migration - challenge to religious identity ; 2 |d Kriens : Brunner, 2009 |g (2009), Seite 270-275 |h 320 S. |w (DE-627)1377557308 |w (DE-576)307557308 |z 9783037270271 |7 nnam |
| 773 | 1 | 8 | |g year:2009 |g pages:270-275 |
| 935 | |a mteo | ||
| 951 | |a AR | ||
| ELC | |b 1 | ||
| ITA | |a 1 |t 1 | ||
| LOK | |0 000 xxxxxcx a22 zn 4500 | ||
| LOK | |0 001 2916685596 | ||
| LOK | |0 003 DE-627 | ||
| LOK | |0 004 1537281577 | ||
| LOK | |0 005 20160405155327 | ||
| LOK | |0 008 160404||||||||||||||||ger||||||| | ||
| LOK | |0 040 |a DE-Tue135 |c DE-627 |d DE-Tue135 | ||
| LOK | |0 092 |o n | ||
| LOK | |0 852 |a DE-Tue135 | ||
| LOK | |0 852 1 |9 00 | ||
| LOK | |0 935 |a ixzs |a ixmi | ||
| LOK | |0 936ln |0 1442053240 |a RJ | ||
| LOK | |0 936ln |0 1442049839 |a KDB | ||
| LOK | |0 936ln |0 1442044624 |a KAH | ||
| LOK | |0 939 |a 04-04-16 |b l01 | ||
| ORI | |a SA-MARC-ixtheoa001.raw | ||
| REL | |a 1 | ||
| STA | 0 | 0 | |a Missions theology,Theology of missions |
| STB | 0 | 0 | |a Missiologie,Théologie de la mission,Théologie de la mission |
| STC | 0 | 0 | |a Teología misionera |
| STD | 0 | 0 | |a Teologia missionaria |
| STE | 0 | 0 | |a 宣教神学,传教神学 |
| STF | 0 | 0 | |a 宣教神學,傳教神學 |
| STG | 0 | 0 | |a Teologia missionária |
| STH | 0 | 0 | |a Миссионерское богословие |
| STI | 0 | 0 | |a Ιεραποστολική θεολογία |
| SUB | |a REL | ||
| SYG | 0 | 0 | |a Bütler, Bernarda Maria,Heilige,1848-1924,Bütler, Bernarda,Heilige,1848-1924,Bütler, Verena,1848-1924,Maria Bernarda,Heilige,1848-1924,Mutter Bernarda,Heilige,1848-1924,Bernarda,Mutter, Heilige,1848-1924,Maria Bernarda,Mutter, Heilige,1848-1924 , Mission,Missionsauffassung |



